| 000 | 00976cam a22003137a 4500 | ||
|---|---|---|---|
| 003 | CHAP | ||
| 005 | 20220329141134.0 | ||
| 008 | 971010c19741937 r 00010 d | ||
| 010 | _a63209 | ||
| 011 | _a64181 | ||
| 035 | _a69431 | ||
| 040 | _cCHAP | ||
| 090 | _aFolleto 3101 | ||
| 100 | 0 | 0 |
_aCole, George Douglas Haward. _924631 |
| 245 | 1 | 3 | _aLa organización política, doctrinas y formas |
| 260 |
_aMéxico, D. F. : _bFondo de Cultura Económica, _c1974 (c.1937) |
||
| 300 | _a94 p. | ||
| 490 | 0 |
_aColección popular _v; 7 |
|
| 590 |
_aBATCH-UPD _b10 _c20130110 _lUCH01 _h0114 |
||
| 590 |
_aBATCH-UPD _b10 _c20130110 _lUCH01 _h1944 |
||
| 590 |
_aBATCH-UPD _b10 _c20130410 _lUCH01 _h1307 |
||
| 590 |
_aBATCH-UPD _b10 _c20130914 _lUCH01 _h1001 |
||
| 590 |
_aCONVERSION _b10 _c20130109 _lUCH01 _h1334 |
||
| 650 | 1 | 4 |
_aEstado, El. _938240 |
| 830 | 0 |
_aColección popular _v; 7 _924953 |
|
| 901 | _aBK | ||
| 942 | _cFOLL | ||
| 949 |
_aFolleto 3101 _bBC _cFOLL _d-141778 _eTS1 _i69431 _si |
||
| 999 |
_c63209 _d63209 |
||